| 000 | 00833cam a2200229 4500 | ||
|---|---|---|---|
| 001 | WB3644-39 | ||
| 008 | 000000n2000 000 0 eng u | ||
| 035 | _a(Sirsi) u109226 | ||
| 245 | _aProbe into pressures on valuers | ||
| 260 | _c2000 | ||
| 490 |
_aEstates Gazette _v(0044) 4 November 2000, 37(1) |
||
| 520 | _aAn IPF survey of fund managers has found that the judgment of valuers is being distorted by conflicts of interest that corrode the profession's independence. RICS will examine the study to see if further intervention is required. | ||
| 590 | _aWB | ||
| 650 | _aINVESTMENT PROPERTY FORUM SURVEY | ||
| 650 | _aRICS | ||
| 650 | _aFUND MANAGERS | ||
| 650 | _aVALUATION PRACTICE | ||
| 650 | _aACCURACY | ||
| 650 | _aCONFLICTS OF INTEREST | ||
| 690 | _aPROPERTY-PROPERTY APPRAISAL AND VALUATION | ||
| 942 | _n0 | ||
| 999 |
_c65201 _d65201 |
||